| 000 | 00623nam a22001937a 4500 | ||
|---|---|---|---|
| 005 | 20140307154958.0 | ||
| 010 | _aENG-108645 | ||
| 020 |
_a9788192648095 _c150.00 |
||
| 035 | _aEN-92178 | ||
| 037 | _bDBAD/Author | ||
| 082 | _a881 | ||
| 100 | _aBanerjee,Trishit | ||
| 245 |
_aA little bud learns to blossom : _cby Trishit Banerjee _ba collection of poems / |
||
| 260 |
_aNew Delhi _c2013 _bAuthor's Empire Publications |
||
| 270 |
_a203, 2nd Floor, Nepal Carrier Building, 21-A, Ansari Road, Darya Ganj _bNew Delhi _e110002 |
||
| 300 |
_a124p. _c18cm(pbk) |
||
| 600 | _d | ||
| 942 |
_2ddc _cEN _mBAN _h881 |
||
| 999 |
_c80648 _d80648 |
||